[Event "Campeonato de España Rapid 2017"]
[Site "Linares"]
[Date "2017.08.13"]
[Round "4"]
[White "Podvin, Francois-xavier"]
[Black "Rubio Mejia, Luis Ignacio"]
[Result "0-1"]
[Board "19"]
[WhiteElo "2194"]
[WhiteCountry "FRA"]
[WhiteFideId "677540"]
[WhiteEloChange "-4"]
[BlackTitle "IM"]
[BlackElo "2437"]
[BlackCountry "ESP"]
[BlackFideId "2281228"]
[BlackEloChange "2"]

1. e4 {[%clk 0:14:56]} c5 {[%clk 0:15:09]} 2. Nf3 {[%clk 0:15:00]} d6 {[%clk
0:15:12]} 3. Bb5+ {[%clk 0:15:04]} Bd7 {[%clk 0:15:15]} 4. Bxd7+ {[%clk 0:15:08]}
Qxd7 {[%clk 0:15:18]} 5. c4 {[%clk 0:15:12]} Nc6 {[%clk 0:15:17]} 6. d4 {[%clk
0:15:12]} cxd4 {[%clk 0:15:11]} 7. Nxd4 {[%clk 0:15:15]} Nf6 {[%clk 0:14:51]} 8.
Nc3 {[%clk 0:15:18]} g6 {[%clk 0:14:54]} 9. b3 {[%clk 0:15:22]} Bg7 {[%clk
0:14:53]} 10. Bb2 {[%clk 0:15:26]} O-O {[%clk 0:14:47]} 11. O-O {[%clk 0:15:28]}
Rfc8 {[%clk 0:13:36]} 12. Nxc6 {[%clk 0:15:31]} bxc6 {[%clk 0:11:36]} 13. Qe2
{[%clk 0:14:36]} Qe6 {[%clk 0:11:03]} 14. Rfe1 {[%clk 0:14:18]} Nd7 {[%clk
0:10:23]} 15. Rad1 {[%clk 0:13:59]} Be5 {[%clk 0:09:37]} 16. g3 {[%clk 0:13:44]}
Qf6 {[%clk 0:07:53]} 17. Qc2 {[%clk 0:13:34]} g5 {[%clk 0:07:34]} 18. Na4 {[%clk
0:12:22]} c5 {[%clk 0:06:15]} 19. Rf1 {[%clk 0:12:03]} Qg7 {[%clk 0:05:53]} 20.
f4 {[%clk 0:11:29]} gxf4 {[%clk 0:05:45]} 21. Rxf4 {[%clk 0:11:33]} Bxb2 {[%clk
0:04:49]} 22. Nxb2 {[%clk 0:11:36]} Ne5 {[%clk 0:04:47]} 23. Qe2 {[%clk 0:11:22]}
Kh8 {[%clk 0:04:38]} 24. Nd3 {[%clk 0:11:01]} Nxd3 {[%clk 0:04:40]} 25. Rxd3
{[%clk 0:10:54]} Rg8 {[%clk 0:03:42]} 26. Rd5 {[%clk 0:10:13]} f6 {[%clk
0:03:43]} 27. Rh5 {[%clk 0:09:51]} Qg6 {[%clk 0:03:04]} 28. Qf3 {[%clk 0:09:13]}
Rab8 {[%clk 0:02:57]} 29. Kf2 {[%clk 0:08:22]} Rg7 {[%clk 0:02:53]} 30. Rfh4
{[%clk 0:07:51]} a5 {[%clk 0:02:13]} 31. Rh6 {[%clk 0:07:44]} Qg5 {[%clk
0:02:15]} 32. R4h5 {[%clk 0:06:58]} Qd2+ {[%clk 0:02:17]} 33. Kg1 {[%clk
0:07:00]} Rbg8 {[%clk 0:01:21]} 34. Rh3 {[%clk 0:06:54]} Qc1+ {[%clk 0:00:49]}
35. Kg2 {[%clk 0:06:52]} Qc2+ {[%clk 0:00:47]} 36. Kg1 {[%clk 0:06:56]} Qb1+
{[%clk 0:00:48]} 37. Kg2 {[%clk 0:06:52]} Qxa2+ {[%clk 0:00:51]} 38. Kg1 {[%clk
0:06:56]} Qb1+ {[%clk 0:00:55]} 39. Kg2 {[%clk 0:07:00]} Qc2+ {[%clk 0:00:52]}
40. Kg1 {[%clk 0:07:05]} Qc1+ {[%clk 0:00:27]} 41. Kg2 {[%clk 0:07:09]} Qb2+
{[%clk 0:00:29]} 42. Kg1 {[%clk 0:07:13]} Qe5 {[%clk 0:00:14]} 43. Kf2 {[%clk
0:07:17]} a4 {[%clk 0:00:08]} 44. R3h5 {[%clk 0:07:19]} Qd4+ {[%clk 0:00:08]} 45.
Kf1 {[%clk 0:07:24]} Qa1+ {[%clk 0:00:08]} 46. Kg2 {[%clk 0:07:28]} Qb2+ {[%clk
0:00:11]} 47. Kh3 {[%clk 0:07:32]} Qxb3 {[%clk 0:00:14]} 48. Qf5 {[%clk 0:07:36]}
Rxg3+ {[%clk 0:00:17]} 49. Kh4 {[%clk 0:07:33]} R3g4+ {[%clk 0:00:17]} 50. Qxg4
{[%clk 0:07:37]} Rxg4+ {[%clk 0:00:21]} 51. Kxg4 {[%clk 0:07:41]} Qd1+ {[%clk
0:00:24]} 52. Kf5 {[%clk 0:07:45]} Qf3+ {[%clk 0:00:25]} 53. Ke6 {[%clk 0:07:49]}
Qxe4+ {[%clk 0:00:29]} 54. Kf7 {[%clk 0:07:53]} Qxc4+ {[%clk 0:00:30]} 55. Kf8
{[%clk 0:07:54]} Qg8+ {[%clk 0:00:32]} 56. Kxe7 {[%clk 0:07:57]} a3 {[%clk
0:00:34]} 0-1

[Event "Campeonato de España Rapid 2017"]
[Site "Linares"]
[Date "2017.08.13"]
[Round "4"]
[White "Silva Lucena, Cristian"]
[Black "Perez Mitjans, Orelvis"]
[Result "0-1"]
[Board "21"]
[WhiteElo "2147"]
[WhiteCountry "ESP"]
[WhiteFideId "2232588"]
[WhiteEloChange "-3"]
[BlackTitle "GM"]
[BlackElo "2435"]
[BlackCountry "ESP"]
[BlackFideId "3502856"]
[BlackEloChange "2"]

1. e4 {[%clk 0:15:07]} c5 {[%clk 0:15:09]} 2. Nf3 {[%clk 0:15:11]} g6 {[%clk
0:15:11]} 3. d4 {[%clk 0:15:15]} cxd4 {[%clk 0:15:15]} 4. Nxd4 {[%clk 0:15:18]}
Bg7 {[%clk 0:15:18]} 5. Be3 {[%clk 0:15:22]} Nc6 {[%clk 0:15:11]} 6. Nc3 {[%clk
0:15:18]} Nf6 {[%clk 0:15:06]} 7. Bc4 {[%clk 0:15:13]} Qa5 {[%clk 0:15:05]} 8.
O-O {[%clk 0:15:09]} O-O {[%clk 0:15:06]} 9. Bb3 {[%clk 0:15:10]} d6 {[%clk
0:15:05]} 10. Nd5 {[%clk 0:15:10]} Nxd5 {[%clk 0:14:34]} 11. exd5 {[%clk
0:15:13]} Ne5 {[%clk 0:14:38]} 12. h3 {[%clk 0:15:01]} a6 {[%clk 0:14:04]} 13.
Bg5 {[%clk 0:14:37]} Re8 {[%clk 0:13:52]} 14. Re1 {[%clk 0:14:32]} h6 {[%clk
0:13:37]} 15. Bh4 {[%clk 0:14:06]} Qc5 {[%clk 0:13:12]} 16. c3 {[%clk 0:13:44]}
Bd7 {[%clk 0:10:52]} 17. Nf3 {[%clk 0:11:54]} a5 {[%clk 0:10:13]} 18. Nxe5 {[%clk
0:11:47]} Bxe5 {[%clk 0:10:17]} 19. Qd2 {[%clk 0:11:43]} Kg7 {[%clk 0:09:50]} 20.
Bc2 {[%clk 0:11:06]} a4 {[%clk 0:09:40]} 21. a3 {[%clk 0:10:55]} Ra5 {[%clk
0:09:23]} 22. Rad1 {[%clk 0:10:56]} Qb6 {[%clk 0:08:37]} 23. Bb1 {[%clk 0:10:06]}
Rb5 {[%clk 0:07:48]} 24. Re2 {[%clk 0:10:05]} Rc5 {[%clk 0:07:48]} 25. Kh1 {[%clk
0:09:32]} Bb5 {[%clk 0:07:33]} 26. Re4 {[%clk 0:08:21]} Bc4 {[%clk 0:07:21]} 27.
f4 {[%clk 0:08:25]} Rxd5 {[%clk 0:07:19]} 28. Qe1 {[%clk 0:08:28]} Rxd1 {[%clk
0:07:21]} 29. Qxd1 {[%clk 0:08:31]} Bb3 {[%clk 0:07:26]} 30. Qd2 {[%clk 0:08:00]}
Bf6 {[%clk 0:07:28]} 31. Bxf6+ {[%clk 0:07:58]} Kxf6 {[%clk 0:07:32]} 32. f5
{[%clk 0:07:33]} g5 {[%clk 0:07:26]} 33. c4 {[%clk 0:06:27]} Kg7 {[%clk 0:07:17]}
34. f6+ {[%clk 0:06:26]} Kxf6 {[%clk 0:07:21]} 35. Re3 {[%clk 0:05:42]} e6 {[%clk
0:06:12]} 36. Qf2+ {[%clk 0:05:19]} Kg7 {[%clk 0:06:16]} 37. Qd2 {[%clk 0:05:16]}
Qc5 {[%clk 0:06:02]} 38. Qc3+ {[%clk 0:04:55]} f6 {[%clk 0:05:18]} 39. Qd3 {[%clk
0:04:39]} f5 {[%clk 0:05:20]} 40. Qc3+ {[%clk 0:04:21]} Kf7 {[%clk 0:05:24]} 41.
Re1 {[%clk 0:04:13]} Bxc4 {[%clk 0:04:39]} 42. Qf3 {[%clk 0:04:17]} Re7 {[%clk
0:04:19]} 43. Qc3 {[%clk 0:03:54]} Qf2 {[%clk 0:04:07]} 44. Rg1 {[%clk 0:03:46]}
Bd5 {[%clk 0:04:04]} 45. Qh8 {[%clk 0:03:39]} Qh4 {[%clk 0:04:02]} 46. Kh2 {[%clk
0:03:27]} f4 {[%clk 0:02:06]} 47. Qh7+ {[%clk 0:03:00]} Ke8 {[%clk 0:02:11]} 48.
Qg6+ {[%clk 0:03:04]} Kd7 {[%clk 0:02:11]} 49. Be4 {[%clk 0:02:58]} g4 {[%clk
0:01:25]} 50. Bxd5 {[%clk 0:02:57]} Qg3+ {[%clk 0:01:29]} 51. Kh1 {[%clk
0:02:58]} exd5 {[%clk 0:01:25]} 52. Qf5+ {[%clk 0:02:56]} Ke8 {[%clk 0:00:56]}
53. Qg6+ {[%clk 0:02:45]} Kd7 {[%clk 0:00:59]} 54. Qf5+ {[%clk 0:02:49]} Kc6
{[%clk 0:00:46]} 55. Qc2+ {[%clk 0:02:30]} Kb5 {[%clk 0:00:33]} 56. Qd2 {[%clk
0:02:32]} Ka6 {[%clk 0:00:30]} 57. Qxd5 {[%clk 0:02:28]} f3 {[%clk 0:00:30]} 58.
Qc4+ {[%clk 0:02:21]} Ka7 {[%clk 0:00:23]} 59. Qd4+ {[%clk 0:01:46]} b6 {[%clk
0:00:25]} 60. Qxa4+ {[%clk 0:01:41]} Kb8 {[%clk 0:00:25]} 61. Qc6 {[%clk
0:01:35]} fxg2+ {[%clk 0:00:29]} 62. Qxg2 {[%clk 0:01:39]} Qxg2+ {[%clk 0:00:19]}
63. Rxg2 {[%clk 0:01:41]} gxh3 {[%clk 0:00:19]} 64. Rc2 {[%clk 0:01:36]} Kb7
{[%clk 0:00:20]} 65. Kh2 {[%clk 0:01:40]} Re3 {[%clk 0:00:24]} 66. a4 {[%clk
0:01:34]} Rb3 {[%clk 0:00:23]} 67. Kh1 {[%clk 0:01:25]} d5 {[%clk 0:00:27]} 68.
Kh2 {[%clk 0:01:28]} d4 {[%clk 0:00:20]} 69. Rd2 {[%clk 0:01:32]} Ka6 {[%clk
0:00:17]} 70. Rxd4 {[%clk 0:01:33]} Rxb2+ {[%clk 0:00:20]} 71. Kxh3 {[%clk
0:01:37]} Ka5 {[%clk 0:00:24]} 72. Rh4 {[%clk 0:01:10]} Rb4 {[%clk 0:00:16]} 73.
Rxh6 {[%clk 0:01:13]} Kxa4 {[%clk 0:00:20]} 74. Kg2 {[%clk 0:01:16]} b5 {[%clk
0:00:23]} 75. Kf2 {[%clk 0:01:17]} Rd4 {[%clk 0:00:27]} 76. Ke3 {[%clk 0:01:18]}
Rd8 {[%clk 0:00:31]} 77. Rh1 {[%clk 0:01:22]} b4 {[%clk 0:00:35]} 0-1

[Event "Campeonato de España Rapid 2017"]
[Site "Linares"]
[Date "2017.08.13"]
[Round "4"]
[White "Veganzones Rojo, David"]
[Black "Teran Alvarez, Ismael"]
[Result "0-1"]
[Board "25"]
[WhiteElo "2121"]
[WhiteCountry "ESP"]
[WhiteFideId "2223767"]
[WhiteEloChange "-3"]
[BlackTitle "IM"]
[BlackElo "2397"]
[BlackCountry "ESP"]
[BlackFideId "2204177"]
[BlackEloChange "3"]

1. e4 {[%clk 0:15:07]} c5 {[%clk 0:15:05]} 2. d4 {[%clk 0:15:10]} cxd4 {[%clk
0:15:07]} 3. c3 {[%clk 0:15:14]} Nf6 {[%clk 0:15:11]} 4. e5 {[%clk 0:15:19]} Nd5
{[%clk 0:15:15]} 5. Qxd4 {[%clk 0:15:22]} e6 {[%clk 0:15:16]} 6. Nf3 {[%clk
0:15:25]} Nc6 {[%clk 0:15:03]} 7. Qe4 {[%clk 0:15:29]} d6 {[%clk 0:14:14]} 8. Bb5
{[%clk 0:15:31]} Bd7 {[%clk 0:13:03]} 9. c4 {[%clk 0:15:33]} Nc7 {[%clk 0:11:42]}
10. exd6 {[%clk 0:15:36]} Bxd6 {[%clk 0:11:38]} 11. O-O {[%clk 0:15:38]} Be7
{[%clk 0:09:56]} 12. Nc3 {[%clk 0:15:36]} O-O {[%clk 0:09:53]} 13. Rd1 {[%clk
0:15:39]} Qc8 {[%clk 0:07:50]} 14. Ba4 {[%clk 0:14:25]} Ne8 {[%clk 0:07:25]} 15.
Bf4 {[%clk 0:13:10]} Nf6 {[%clk 0:07:22]} 16. Qe2 {[%clk 0:13:13]} a6 {[%clk
0:06:44]} 17. Rac1 {[%clk 0:13:13]} Na5 {[%clk 0:05:24]} 18. Bxd7 {[%clk
0:12:46]} Nxd7 {[%clk 0:05:28]} 19. Ne4 {[%clk 0:09:28]} e5 {[%clk 0:03:28]} 20.
Nxe5 {[%clk 0:08:55]} Nxe5 {[%clk 0:03:29]} 21. Bxe5 {[%clk 0:08:58]} Qe6 {[%clk
0:03:28]} 22. Bc7 {[%clk 0:06:58]} Nc6 {[%clk 0:03:23]} 23. Ng3 {[%clk 0:06:30]}
Qg6 {[%clk 0:02:01]} 24. Qe4 {[%clk 0:05:38]} Qf6 {[%clk 0:01:50]} 25. b3 {[%clk
0:05:15]} Bc5 {[%clk 0:01:52]} 26. Qf4 {[%clk 0:05:09]} Qb2 {[%clk 0:01:39]} 27.
Nf5 {[%clk 0:04:35]} Rfe8 {[%clk 0:01:17]} 28. Qg3 {[%clk 0:03:37]} Re2 {[%clk
0:00:47]} 29. Ne3 {[%clk 0:00:54]} Re8 {[%clk 0:00:44]} 30. Bf4 {[%clk 0:00:58]}
Nd4 {[%clk 0:00:42]} 31. Bh6 {[%clk 0:00:46]} Nf5 {[%clk 0:00:37]} 32. Nxf5
{[%clk 0:00:14]} Bxf2+ {[%clk 0:00:40]} 33. Qxf2 {[%clk 0:00:12]} Rxf2 {[%clk
0:00:42]} 0-1

[Event "Campeonato de España Rapid 2017"]
[Site "Linares"]
[Date "2017.08.13"]
[Round "4"]
[White "Ladron De Guevara Pinto, Paolo"]
[Black "Buendia Pinar, Alvaro"]
[Result "1-0"]
[Board "26"]
[WhiteTitle "FM"]
[WhiteElo "2368"]
[WhiteCountry "ESP"]
[WhiteFideId "2290847"]
[WhiteEloChange "4"]
[BlackTitle "FM"]
[BlackElo "2114"]
[BlackCountry "ESP"]
[BlackFideId "2281937"]
[BlackEloChange "-4"]

1. e4 {[%clk 0:15:07]} c5 {[%clk 0:15:09]} 2. Nf3 {[%clk 0:15:10]} d6 {[%clk
0:15:13]} 3. d4 {[%clk 0:15:14]} cxd4 {[%clk 0:15:17]} 4. Nxd4 {[%clk 0:15:18]}
Nf6 {[%clk 0:15:20]} 5. Nc3 {[%clk 0:15:21]} Nc6 {[%clk 0:15:24]} 6. Bg5 {[%clk
0:15:24]} e6 {[%clk 0:15:27]} 7. Qd2 {[%clk 0:15:02]} Be7 {[%clk 0:15:27]} 8.
O-O-O {[%clk 0:14:38]} a6 {[%clk 0:15:24]} 9. f3 {[%clk 0:14:34]} Qc7 {[%clk
0:15:22]} 10. Kb1 {[%clk 0:14:14]} b5 {[%clk 0:13:56]} 11. Nxc6 {[%clk 0:13:56]}
Qxc6 {[%clk 0:13:58]} 12. Bd3 {[%clk 0:13:59]} Bb7 {[%clk 0:13:53]} 13. h4 {[%clk
0:13:58]} h6 {[%clk 0:13:21]} 14. Be3 {[%clk 0:14:02]} Rc8 {[%clk 0:12:41]} 15.
g4 {[%clk 0:13:49]} Nd7 {[%clk 0:12:39]} 16. g5 {[%clk 0:13:41]} Ne5 {[%clk
0:12:12]} 17. gxh6 {[%clk 0:13:03]} gxh6 {[%clk 0:12:15]} 18. f4 {[%clk 0:10:17]}
Nc4 {[%clk 0:11:50]} 19. Bxc4 {[%clk 0:10:17]} Qxc4 {[%clk 0:11:45]} 20. Bd4
{[%clk 0:08:48]} Rf8 {[%clk 0:07:53]} 21. a3 {[%clk 0:08:25]} a5 {[%clk 0:07:11]}
22. b3 {[%clk 0:06:10]} Qc6 {[%clk 0:07:13]} 23. Rde1 {[%clk 0:06:02]} Ba6 {[%clk
0:05:24]} 24. Rh3 {[%clk 0:05:04]} Rg8 {[%clk 0:04:00]} 25. h5 {[%clk 0:04:48]}
Qc7 {[%clk 0:03:00]} 26. Rhe3 {[%clk 0:04:11]} Bh4 {[%clk 0:02:15]} 27. Rh1
{[%clk 0:04:08]} Be7 {[%clk 0:02:18]} 28. e5 {[%clk 0:04:06]} d5 {[%clk 0:02:10]}
29. Kb2 {[%clk 0:03:34]} b4 {[%clk 0:02:08]} 30. axb4 {[%clk 0:03:30]} Bxb4
{[%clk 0:02:11]} 31. f5 {[%clk 0:03:21]} a4 {[%clk 0:01:56]} 32. Qf2 {[%clk
0:02:22]} axb3 {[%clk 0:01:37]} 33. cxb3 {[%clk 0:02:23]} Rb8 {[%clk 0:01:31]}
34. Rg1 {[%clk 0:02:01]} Rxg1 {[%clk 0:00:53]} 35. Qxg1 {[%clk 0:02:05]} Bf8
{[%clk 0:00:39]} 36. fxe6 {[%clk 0:02:09]} fxe6 {[%clk 0:00:38]} 37. Nxd5 {[%clk
0:01:30]} exd5 {[%clk 0:00:23]} 38. Qg6+ {[%clk 0:01:34]} Qf7 {[%clk 0:00:26]}
39. Qc6+ {[%clk 0:01:32]} Qd7 {[%clk 0:00:16]} 40. Qxa6 {[%clk 0:01:35]} Be7
{[%clk 0:00:11]} 41. Qxh6 {[%clk 0:01:13]} Qf5 {[%clk 0:00:10]} 42. Qh8+ {[%clk
0:01:14]} Bf8 {[%clk 0:00:14]} 43. Qf6 {[%clk 0:01:18]} Qxf6 {[%clk 0:00:08]} 44.
exf6+ {[%clk 0:01:22]} Kf7 {[%clk 0:00:12]} 45. Re2 {[%clk 0:00:48]} Rc8 {[%clk
0:00:09]} 46. Rc2 {[%clk 0:00:52]} Rxc2+ {[%clk 0:00:07]} 47. Kxc2 {[%clk
0:00:55]} Ke6 {[%clk 0:00:08]} 48. Kc3 {[%clk 0:00:53]} Kf5 {[%clk 0:00:11]} 49.
b4 {[%clk 0:00:57]} Kg4 {[%clk 0:00:13]} 50. Bc5 {[%clk 0:01:01]} Bh6 {[%clk
0:00:11]} 51. f7 {[%clk 0:01:05]} Bg7+ {[%clk 0:00:14]} 52. Kd3 {[%clk 0:01:09]}
1-0

[Event "Campeonato de España Rapid 2017"]
[Site "Linares"]
[Date "2017.08.13"]
[Round "4"]
[White "Domingo Nunez, Ruben"]
[Black "Montoliu Cervero, Francisco"]
[Result "0-1"]
[Board "27"]
[WhiteTitle "FM"]
[WhiteElo "2116"]
[WhiteCountry "ESP"]
[WhiteFideId "22245570"]
[WhiteEloChange "-4"]
[BlackTitle "FM"]
[BlackElo "2358"]
[BlackCountry "ESP"]
[BlackFideId "2214814"]
[BlackEloChange "4"]

1. e4 {[%clk 0:15:09]} c5 {[%clk 0:15:09]} 2. Nf3 {[%clk 0:15:00]} d6 {[%clk
0:15:12]} 3. c3 {[%clk 0:14:32]} Nf6 {[%clk 0:15:15]} 4. Bd3 {[%clk 0:14:26]} Nc6
{[%clk 0:15:13]} 5. h3 {[%clk 0:14:25]} Bd7 {[%clk 0:14:34]} 6. O-O {[%clk
0:14:21]} g6 {[%clk 0:14:37]} 7. Bc2 {[%clk 0:14:21]} Rc8 {[%clk 0:14:39]} 8. Qe2
{[%clk 0:13:41]} a6 {[%clk 0:14:13]} 9. a4 {[%clk 0:13:32]} Bg7 {[%clk 0:14:09]}
10. d3 {[%clk 0:13:17]} O-O {[%clk 0:14:06]} 11. Na3 {[%clk 0:13:11]} e5 {[%clk
0:13:11]} 12. Nc4 {[%clk 0:13:09]} Qc7 {[%clk 0:13:06]} 13. Bg5 {[%clk 0:10:42]}
b5 {[%clk 0:12:57]} 14. axb5 {[%clk 0:09:59]} axb5 {[%clk 0:13:00]} 15. Ne3
{[%clk 0:10:02]} Be6 {[%clk 0:11:39]} 16. Bxf6 {[%clk 0:07:05]} Bxf6 {[%clk
0:11:42]} 17. Nd5 {[%clk 0:07:06]} Qd8 {[%clk 0:11:01]} 18. Nxf6+ {[%clk
0:06:44]} Qxf6 {[%clk 0:11:04]} 19. Ra6 {[%clk 0:06:47]} Qe7 {[%clk 0:10:28]} 20.
Rfa1 {[%clk 0:06:44]} f5 {[%clk 0:10:03]} 21. exf5 {[%clk 0:06:47]} gxf5 {[%clk
0:09:57]} 22. Rb6 {[%clk 0:06:05]} b4 {[%clk 0:09:26]} 23. Rba6 {[%clk 0:04:02]}
Kh8 {[%clk 0:07:51]} 24. Qd2 {[%clk 0:03:43]} Rg8 {[%clk 0:07:37]} 25. d4 {[%clk
0:02:34]} Bd5 {[%clk 0:05:57]} 26. Ne1 {[%clk 0:02:27]} bxc3 {[%clk 0:05:38]} 27.
bxc3 {[%clk 0:02:29]} cxd4 {[%clk 0:05:38]} 28. Bxf5 {[%clk 0:02:10]} Rcf8 {[%clk
0:04:23]} 29. Bg4 {[%clk 0:02:14]} Qb7 {[%clk 0:02:50]} 30. cxd4 {[%clk 0:01:36]}
Nxd4 {[%clk 0:02:44]} 31. Ra7 {[%clk 0:01:27]} Qb6 {[%clk 0:01:28]} 32. R1a6
{[%clk 0:00:59]} Qb8 {[%clk 0:01:09]} 33. Rd7 {[%clk 0:00:24]} Bc6 {[%clk
0:00:28]} 34. Rxc6 {[%clk 0:00:24]} Nxc6 {[%clk 0:00:31]} 35. Qh6 {[%clk
0:00:28]} Qb1 {[%clk 0:00:32]} 36. Kh2 {[%clk 0:00:18]} Qg6 {[%clk 0:00:19]} 37.
Qc1 {[%clk 0:00:16]} Nd4 {[%clk 0:00:21]} 38. Qa3 {[%clk 0:00:16]} Rf6 {[%clk
0:00:23]} 39. Nd3 {[%clk 0:00:10]} Rgf8 {[%clk 0:00:13]} 40. f3 {[%clk 0:00:09]}
R8f7 {[%clk 0:00:16]} 41. Rd8+ {[%clk 0:00:11]} Rf8 {[%clk 0:00:21]} 42. Rd7
{[%clk 0:00:15]} R8f7 {[%clk 0:00:25]} 43. Rd8+ {[%clk 0:00:19]} Kg7 {[%clk
0:00:26]} 44. Nb4 {[%clk 0:00:12]} h5 {[%clk 0:00:26]} 45. Bc8 {[%clk 0:00:12]}
Rxf3 {[%clk 0:00:24]} 46. Qa8 {[%clk 0:00:12]} Qg3+ {[%clk 0:00:28]} 47. Kh1
{[%clk 0:00:13]} Rf1# {[%clk 0:00:28]} 0-1

[Event "Campeonato de España Rapid 2017"]
[Site "Linares"]
[Date "2017.08.13"]
[Round "4"]
[White "Ramos Moreno, Francisco Jose"]
[Black "Tejedor Fuente, Enrique"]
[Result "0-1"]
[Board "28"]
[WhiteElo "2110"]
[WhiteCountry "ESP"]
[WhiteFideId "2221861"]
[WhiteEloChange "-5"]
[BlackTitle "FM"]
[BlackElo "2313"]
[BlackCountry "ESP"]
[BlackFideId "2299100"]
[BlackEloChange "5"]

1. e4 {[%clk 0:15:05]} c5 {[%clk 0:15:05]} 2. Nc3 {[%clk 0:15:05]} Nc6 {[%clk
0:15:05]} 3. f4 {[%clk 0:15:05]} g6 {[%clk 0:15:05]} 4. Nf3 {[%clk 0:15:05]} Bg7
{[%clk 0:15:05]} 5. Bb5 {[%clk 0:15:05]} d6 {[%clk 0:15:05]} 6. O-O {[%clk
0:15:05]} Bd7 {[%clk 0:15:05]} 7. d3 {[%clk 0:15:05]} Nh6 {[%clk 0:15:05]} 8. f5
{[%clk 0:15:05]} Ng4 {[%clk 0:15:05]} 9. h3 {[%clk 0:15:05]} Nge5 {[%clk
0:15:05]} 10. Bxc6 {[%clk 0:15:05]} Bxc6 {[%clk 0:15:05]} 11. Nxe5 {[%clk
0:15:05]} Bxe5 {[%clk 0:15:05]} 12. fxg6 {[%clk 0:15:05]} hxg6 {[%clk 0:15:05]}
13. Qf3 {[%clk 0:15:05]} Rh7 {[%clk 0:15:05]} 14. Bg5 {[%clk 0:15:05]} Qd7 {[%clk
0:15:05]} 15. Rab1 {[%clk 0:15:05]} O-O-O {[%clk 0:15:05]} 16. Nd5 {[%clk
0:15:05]} f6 {[%clk 0:15:05]} 17. Bf4 {[%clk 0:15:05]} Bd4+ {[%clk 0:15:05]} 18.
Be3 {[%clk 0:15:05]} Be5 {[%clk 0:15:05]} 19. Bf4 {[%clk 0:15:05]} Bxf4 {[%clk
0:15:05]} 20. Qxf4 {[%clk 0:15:05]} Rdh8 {[%clk 0:15:05]} 21. Rf3 {[%clk
0:15:05]} g5 {[%clk 0:15:05]} 22. Qe3 {[%clk 0:15:05]} g4 {[%clk 0:15:05]} 23.
Rff1 {[%clk 0:15:05]} gxh3 {[%clk 0:15:05]} 24. g3 {[%clk 0:15:05]} h2+ {[%clk
0:15:05]} 25. Kh1 {[%clk 0:15:05]} Rg8 {[%clk 0:15:05]} 26. Rf3 {[%clk 0:15:05]}
Rh5 {[%clk 0:15:05]} 27. c4 {[%clk 0:15:05]} Bxd5 {[%clk 0:15:05]} 28. cxd5
{[%clk 0:15:05]} Qa4 {[%clk 0:15:05]} 29. b4 {[%clk 0:15:05]} cxb4 {[%clk
0:15:05]} 30. Qd4 {[%clk 0:15:05]} Rhg5 {[%clk 0:15:05]} 31. Qc4+ {[%clk
0:15:05]} Kb8 {[%clk 0:15:05]} 32. Rc1 {[%clk 0:15:05]} Qa5 {[%clk 0:15:05]} 33.
Rc2 {[%clk 0:15:05]} b3 {[%clk 0:15:05]} 34. Rc1 {[%clk 0:15:05]} b2 {[%clk
0:15:05]} 35. Rb1 {[%clk 0:15:05]} Rc8 {[%clk 0:15:05]} 0-1

[Event "Campeonato de España Rapid 2017"]
[Site "Linares"]
[Date "2017.08.13"]
[Round "4"]
[White "Fernandez Rodriguez, Jose A."]
[Black "Garcia Moral Garcia, Jose Daniel"]
[Result "1-0"]
[Board "29"]
[WhiteElo "2107"]
[WhiteCountry "ESP"]
[WhiteFideId "2276771"]
[WhiteEloChange "15"]
[BlackTitle "FM"]
[BlackElo "2305"]
[BlackCountry "ESP"]
[BlackFideId "2298007"]
[BlackEloChange "-15"]

1. f4 {[%clk 0:15:04]} c5 {[%clk 0:15:05]} 2. Nf3 {[%clk 0:15:08]} d5 {[%clk
0:15:07]} 3. g3 {[%clk 0:15:11]} Nc6 {[%clk 0:15:11]} 4. d3 {[%clk 0:15:15]} g6
{[%clk 0:15:13]} 5. Bg2 {[%clk 0:15:18]} Bg7 {[%clk 0:15:17]} 6. Nc3 {[%clk
0:15:22]} Nf6 {[%clk 0:15:20]} 7. O-O {[%clk 0:15:25]} O-O {[%clk 0:15:23]} 8. e4
{[%clk 0:15:28]} d4 {[%clk 0:14:53]} 9. Ne2 {[%clk 0:15:31]} Ne8 {[%clk 0:14:49]}
10. h3 {[%clk 0:15:34]} e5 {[%clk 0:14:32]} 11. g4 {[%clk 0:15:31]} exf4 {[%clk
0:14:05]} 12. Bxf4 {[%clk 0:15:25]} Qe7 {[%clk 0:14:05]} 13. Qd2 {[%clk 0:15:23]}
Nd6 {[%clk 0:14:01]} 14. Bh6 {[%clk 0:15:16]} f6 {[%clk 0:13:32]} 15. Bxg7 {[%clk
0:14:50]} Kxg7 {[%clk 0:13:35]} 16. Rae1 {[%clk 0:14:16]} Nf7 {[%clk 0:13:31]}
17. Ng3 {[%clk 0:14:01]} Nfe5 {[%clk 0:13:27]} 18. Qf4 {[%clk 0:13:36]} Nxf3+
{[%clk 0:13:25]} 19. Rxf3 {[%clk 0:13:32]} Ne5 {[%clk 0:13:27]} 20. Rf2 {[%clk
0:13:36]} Bd7 {[%clk 0:12:44]} 21. Ref1 {[%clk 0:13:24]} Rac8 {[%clk 0:12:42]}
22. b3 {[%clk 0:13:27]} b5 {[%clk 0:12:41]} 23. Bf3 {[%clk 0:13:12]} c4 {[%clk
0:12:32]} 24. Be2 {[%clk 0:13:15]} cxb3 {[%clk 0:12:23]} 25. cxb3 {[%clk
0:13:08]} b4 {[%clk 0:12:12]} 26. h4 {[%clk 0:13:02]} Qe6 {[%clk 0:11:25]} 27.
Rg2 {[%clk 0:12:46]} Rf7 {[%clk 0:10:57]} 28. Kh1 {[%clk 0:12:08]} Rc2 {[%clk
0:10:48]} 29. Nf5+ {[%clk 0:11:58]} Kh8 {[%clk 0:10:33]} 30. Nxd4 {[%clk
0:12:00]} Rxe2 {[%clk 0:10:09]} 31. Nxe6 {[%clk 0:11:56]} Rxg2 {[%clk 0:10:06]}
32. Kxg2 {[%clk 0:11:39]} Bxe6 {[%clk 0:10:08]} 33. g5 {[%clk 0:11:35]} Nxd3
{[%clk 0:09:57]} 34. Qb8+ {[%clk 0:11:33]} Kg7 {[%clk 0:10:00]} 35. Rxf6 {[%clk
0:11:30]} Rxf6 {[%clk 0:09:57]} 36. gxf6+ {[%clk 0:11:33]} Kxf6 {[%clk 0:10:00]}
37. Qd8+ {[%clk 0:11:36]} 1-0